| 000 | 00506nam a2200193Ia 4500 | ||
|---|---|---|---|
| 008 | 240612s9999 xx 000 0 und d | ||
| 020 | _a978-93-88061-05-6 | ||
| 082 | _a302.4 | ||
| 082 | _bJAG | ||
| 100 | _aஜெகாதா | ||
| 245 | 0 | _aஜல்லிக்கட்டு | |
| 250 | _aமுதல் பதிப்பு | ||
| 260 | _aசென்னை | ||
| 260 | _b சீதை பதிப்பகம் | ||
| 260 | _c2017 | ||
| 300 | _a120 | ||
| 650 | _apages | ||
| 942 | _cTAMIL | ||
| 999 |
_c507902 _d507902 |
||